000 00824nam a22001817a 4500
005 20210423060516.0
008 210222s2004 ||||| |||| 00| 0 eng d
040 _aeng
_cDLC
041 _aeng
080 _a61
_bS-53
100 _91055
_aShapatava, Ekaterine
245 _aRisky Behavioral Factors Related to the Transmission of HIV, Hepatitis B and Hepatitis C among Injecting Drug Users in Georgia
_b: A Report Submitted to the Department of Behavioral Sciences and Health Education in Partial Fulfillment of the Requirements of the Degree of Public Health
_c/ by: The Rollins School of Public Health of Emory University
260 _aAtlanta, Georgia
_bThe Rollins School of Public Health of Emory University
_c2004
300 _a37 p.
650 0 _969
_aMedicine
653 _aმედიცინა
942 _2udc
_cBK
999 _c1639
_d1639